000 00853cam a2200265 4500
001 1244853
003 ARRUPE
005 20151014112945.0
008 700109r19691950nyu b 001 0 eng
010 _a 72094324
020 _a0486222160
040 _aDLC
_cDLC
_dDLC
050 0 0 _aB945.P44
_bG68 1969
082 0 0 _a191
100 1 _aGoudge, Thomas A.,
_d1910-
_920268
245 1 4 _aThe thought of C. S. Peirce
_c[by] Thomas A. Goudge.
260 _aNew York,
_bDover Publications
_c1969
300 _axii, 360 p.
_c22 cm.
350 _a3.00
500 _a"Unabridged and unaltered republication of the work originally published ... in 1950."
504 _aBibliographical footnotes.
600 1 0 _aPeirce, Charles S.
_q(Charles Sanders),
_d1839-1914.
_920269
906 _a7
_bcbc
_corignew
_du
_encip
_f19
_gy-gencatlg
942 _2lcc
_cMONOGRAPH
999 _c123511
_d123511